Vuelta : Revista Mensual : año 12, número 144, noviembre 1988 /

Revista literaria fundada por Octavio Paz en 1976, que exponía debates intelectuales de literatura y política. Esta publicación surgió a partir del conflicto en el diario mexicano Excélsior que provocó la salida de su entonces director, Julio Scherer García, y que resultó en una división entre intel...

Whakaahuatanga katoa

I tiakina i:
Ngā taipitopito rārangi puna kōrero
Ētahi atu kaituhi: Paz, Octavio (dirección) (dirección), Krauze, Enrique (edición) (edición)
Hōputu: Pukapuka
Reo:Pāniora
I whakaputaina: México : Vuelta, 1988
Rangatū:(Vuelta: Revista Mensual ; 144)
Ngā marau:
Ngā Tūtohu: Tāpirihia he Tūtohu
Kāore He Tūtohu, Me noho koe te mea tuatahi ki te tūtohu i tēnei pūkete!

MARC

LEADER 00000nam^a2200000^a^4500
001 000630253
005 20260413000000.0
009 20260413195720.733
022 |a 0185-1586 
037 |a Acervo ITESO - Biblioteca 
041 |a ESP 
082 |a 805.  |b VUE V. 144 
240 1 1 |a [Vuelta] 
245 0 0 |a Vuelta :  |b Revista Mensual : año 12, número 144, noviembre 1988 /  |c Dir. de O. Paz ; ed. de E. Krauze. 
264 1 |a México :  |b Vuelta,  |c 1988 
300 |a 78 p. 
336 |a texto  |b txt  |2 rdacontenido 
337 |a sin mediación  |b n  |2 rdamedio 
338 |a volumen  |b nc  |2 rdasoporte 
440 1 |a (Vuelta: Revista Mensual ;  |v 144) 
520 |a Revista literaria fundada por Octavio Paz en 1976, que exponía debates intelectuales de literatura y política. Esta publicación surgió a partir del conflicto en el diario mexicano Excélsior que provocó la salida de su entonces director, Julio Scherer García, y que resultó en una división entre intelectuales y periodistas, así como un cambio radical en Plural: Revista Cultural de Excélsior. Este hecho fue el origen de dos importantes revistas que se erigieron como sucesoras de Plural: Vuelta, encabezada por Paz, y Proceso, dirigida por Scherer García. Durante su primer año contó con la colaboración de Alejandro Rossi, José de la Colina, Salvador Elizondo, Juan García Ponce, Kazuya Sakai, Tomás Segovia y Gabriel Zaid. Dejó de publicarse en 1998. 
567 |a Catalogación rápida 
586 |a Premio Nobel de Literatura 1990 
586 |a Premio Príncipe de Asturias de Comunicación y Humanidades 1993 
586 |a Premio Miguel de Cervantes 1981 
586 |a Premio Nacional de Ciencias y Artes, categoría Lingüística y Literatura (28°: 1977) 
649 |a XX 
650 |a Literatura y Sociedad -  |x Publicaciones Periódicas -  |x Tema Principal 
650 |a Literatura -  |x Publicaciones Periódicas -  |x Tema Principal 
650 |a Publicaciones Periódicas Mexicanas 
650 |a Publicaciones Periódicas 
700 |a Paz, Octavio  |e (dirección) 
700 |a Krauze, Enrique  |e (edición) 
910 |a Fondo Castillo-Martínez 
920 |a Impresos - Libros 
930 |a Fondos Especiales 
940 |a Literatura 
905 |a 127 
901 |a 630253-10  |b IT2  |c ESP  |i D126705  |u 20260413 
902 |a https://opac.biblio.iteso.mx/vufind/Record/000630253